000 00692nam a2200193Ia 4500
008 151121s9999||||xx |||||||||||||| ||und||
082 _a813/ कुलक
082 _bHNW-71611
100 _aकुलकर्णी अनिल रघुनाथ-अनु
245 _aसिटी ऑफ जॉय
260 _b"मेहता प्रकाशन, पुणे।"
260 _c--
300 _a512
600 _aकुलकर्णी अनिल रघुनाथ-अनु
630 _aसिटी ऑफ जॉय
700 _aकुलकर्णी अनिल रघुनाथ-अनु
730 _aसिटी ऑफ जॉय
942 _cBOOK
999 _c1253079
_d1253076